Introduction to satellite communication (EBOOK) (Record no. 217126)
[ view plain ]
| 000 -LEADER | |
|---|---|
| fixed length control field | 00688 a2200229 4500 |
| 003 - CONTROL NUMBER IDENTIFIER | |
| control field | Nust |
| 005 - DATE AND TIME OF LATEST TRANSACTION | |
| control field | 20170207171533.0 |
| 010 ## - LIBRARY OF CONGRESS CONTROL NUMBER | |
| LC control number | 2008277447 |
| 020 ## - INTERNATIONAL STANDARD BOOK NUMBER | |
| International Standard Book Number | 1596932104 |
| 020 ## - INTERNATIONAL STANDARD BOOK NUMBER | |
| International Standard Book Number | 9781596932104 |
| 040 ## - CATALOGING SOURCE | |
| Transcribing agency | Nust |
| 082 00 - DEWEY DECIMAL CLASSIFICATION NUMBER | |
| Classification number | 621.3825 |
| 100 1# - MAIN ENTRY--PERSONAL NAME | |
| Personal name | Elbert, Bruce R. |
| 245 10 - TITLE STATEMENT | |
| Title | Introduction to satellite communication (EBOOK) |
| Statement of responsibility, etc. | Bruce R. Elbert. |
| 246 30 - VARYING FORM OF TITLE | |
| Title proper/short title | Satellite communication |
| 250 ## - EDITION STATEMENT | |
| Edition statement | 3rd ed. |
| 260 ## - PUBLICATION, DISTRIBUTION, ETC. | |
| Place of publication, distribution, etc. | Boston : |
| Name of publisher, distributor, etc. | Artech House, |
| Date of publication, distribution, etc. | c2008. |
| 300 ## - PHYSICAL DESCRIPTION | |
| Extent | xiii, 447 p. : |
| Other physical details | ill., maps ; |
| Dimensions | 26 cm. |
| 440 #4 - SERIES STATEMENT/ADDED ENTRY--TITLE | |
| Title | The Artech House space applications series |
| 440 #4 - SERIES STATEMENT/ADDED ENTRY--TITLE | |
| Title | The Artech House telecommunications library |
| 650 #0 - SUBJECT ADDED ENTRY--TOPICAL TERM | |
| Topical term or geographic name entry element | Artificial satellites in telecommunication. |
| 942 ## - ADDED ENTRY ELEMENTS (KOHA) | |
| Source of classification or shelving scheme | |
| Koha item type | Book |
| Withdrawn status | Lost status | Source of classification or shelving scheme | Damaged status | Not for loan | Collection code | Permanent Location | Current Location | Date acquired | Total Checkouts | Full call number | Barcode | Date last seen | Price effective from | Koha item type |
|---|---|---|---|---|---|---|---|---|---|---|---|---|---|---|
| Military College of Signals (MCS) | Military College of Signals (MCS) | 12/12/2016 | 621.3825 ELB | MCSEB-3414 | 12/08/2016 | 12/12/2016 | Book |
